Statistics for Largest North American Railroads

Click here to take the quiz!

General Stats

  • This quiz has been taken 77 times
  • The average score is 6 of 7

Answer Stats

RevenueRailroad% Correct
$17 billionUnion Pacific Railroad
94%
$10.6 billionCSX Transportation
85%
$16.8 billionBNSF Railway
83%
$8.38 billionCanadian National Railway
81%
$9.5 billionNorfolk Southern Railway
78%
$5.05 billionCanadian Pacific Railway
78%
$1.81 billionKansas City Southern Railway
57%

Score Distribution

Percentile by Number Answered

Percent of People with Each Score

Your Score History

You have not taken this quiz